| 000 -ლიდერი |
| ფიქსირებული სიგრძის საკონტროლო ველი |
01366nam a2200265Ia 4500 |
| 001 - საკონტროლო ნომერი |
| საკონტროლო ველი |
6484 |
| 003 - საკონტროლო ნომრის იდენტიფიკატორი |
| საკონტროლო ველი |
GE_BSU |
| 005 - ბოლო ოპერაციის თარიღი და დრო |
| საკონტროლო ველი |
20190624154826.0 |
| 008 - ფიქსირებული სიგრძის მონაცემთა ელემენტები - ზოგადი ინფორმაცია |
| ფიქსირებული სიგრძის საკონტროლო ველი |
181216s1977|||| |||||||||||||| ||geo|| |
| 041 ## - ენის კოდი |
| Language code of text/sound track or separate title |
geo |
| 080 ## - უნივერსალური ათობითი კლასიფიკაციის ინდექსი |
| Universal Decimal Classification number |
621.18(072) ლ-81 |
| 100 ## - მთავარი ჩანაწერი - პიროვნების სახელი |
| Personal name |
ლომინაძე, შ. |
| 9 (RLIN) |
22 |
| 245 ## - ცნობა სათაურის შესახებ |
| Title |
მაღალი წნევის ორთქლის გენერატორების თბური გაანგარიშების მეთოდიკა : დამხმ. სახელმძღვ. / |
| Statement of responsibility, etc |
შ. ლომინაძე ; მ. ყიფშიძე ; ი. ტურაშვილი ; თ. ჯიშკარიანი ; რედ : ე.კირვალიძე. |
| 260 ## - გამოქვეყნების, გავრცელების, და სხვა. ცნობები |
| Date of publication, distribution, etc |
1977. |
| 264 ## - წარმოების, გამოცემის, დისტრიბუციის და სხვა ცნობები |
| გამოცემის, წარმოების, დისტრიბუციის... ადგილი |
თბილისი : |
| გამოცემის, წარმოების, დისტრიბუციის... სახელწოდება |
სპი, |
| გამოცემის, წარმოების, დისტრიბუციის... თარიღი |
1977. |
| 300 ## - ფიზიკური აღწერა |
| Extent |
112 გვ. : |
| Dimensions |
26 სმ. |
| 504 ## - BIBLIOGRAPHY, ETC. NOTE |
| Bibliography, etc |
ბიბლიოგრ.:გვ.110 |
| 653 ## - INDEX TERM--UNCONTROLLED |
| Uncontrolled term |
მაღალი წნევის ორთქლის გენერატორების თბური გაანგარიშება |
| 653 ## - INDEX TERM--UNCONTROLLED |
| Uncontrolled term |
ტექნიკა |
| 700 ## - ADDED ENTRY--PERSONAL NAME |
| Personal name |
ყიფშიძე, მ |
| 9 (RLIN) |
2318 |
| 700 ## - ADDED ENTRY--PERSONAL NAME |
| Personal name |
ტურაშვილი, ი |
| 9 (RLIN) |
2838 |
| 700 ## - ADDED ENTRY--PERSONAL NAME |
| Personal name |
ჯიშკარიანი, თ |
| 9 (RLIN) |
1313 |
| 700 ## - ADDED ENTRY--PERSONAL NAME |
| Personal name |
კირვალიძე, ე |
| Relator term |
რედაქტორი |
| 9 (RLIN) |
2839 |
| 942 ## - ADDED ENTRY ELEMENTS (KOHA) |
| Koha item type |
წიგნი |
| Source of classification or shelving scheme |
|